=LDR 00000nam 2200000 4500 =001 INLIS000000000016996 =005 20130612112213 =008 ***********************************Ind** =035 ##$$0010-061300000016996 =041 ##$$a Ind =082 ##$$a 378.18 =090 ##$$a 378.18, Muh p =100 ##$$a Muhas, Dedy Mujaddid =245 ##$$a Pernik-pernik pemikiran seorang aktivitis, Dedy Mujaddid Muhas =260 ##$$a 2003 $b Jakarta =300 ##$$a xxiii, 198 hlm, 21 cm =650 ##$$a Mahasiswa-Kegiatan politik =850 ##$$a NBPNMAT